<?xml version="1.0" encoding="UTF-8"?><?xml-stylesheet type="text/xsl" href="static/style.xsl"?><OAI-PMH xmlns="http://www.openarchives.org/OAI/2.0/" xmlns:xsi="http://www.w3.org/2001/XMLSchema-instance" xsi:schemaLocation="http://www.openarchives.org/OAI/2.0/ http://www.openarchives.org/OAI/2.0/OAI-PMH.xsd"><responseDate>2026-04-27T23:24:18Z</responseDate><request verb="GetRecord" identifier="oai:uvadoc.uva.es:10324/17875" metadataPrefix="marc">https://uvadoc.uva.es/oai/request</request><GetRecord><record><header><identifier>oai:uvadoc.uva.es:10324/17875</identifier><datestamp>2021-06-30T08:32:04Z</datestamp><setSpec>com_10324_7462</setSpec><setSpec>com_10324_5186</setSpec><setSpec>com_10324_29291</setSpec><setSpec>col_10324_7470</setSpec></header><metadata><record xmlns="http://www.loc.gov/MARC21/slim" xmlns:doc="http://www.lyncode.com/xoai" xmlns:xsi="http://www.w3.org/2001/XMLSchema-instance" xmlns:dcterms="http://purl.org/dc/terms/" xsi:schemaLocation="http://www.loc.gov/MARC21/slim http://www.loc.gov/standards/marcxml/schema/MARC21slim.xsd">
<leader>00925njm 22002777a 4500</leader>
<datafield tag="042" ind1=" " ind2=" ">
<subfield code="a">dc</subfield>
</datafield>
<datafield tag="720" ind1=" " ind2=" ">
<subfield code="a">Espino López, Antonio</subfield>
<subfield code="e">author</subfield>
</datafield>
<datafield tag="260" ind1=" " ind2=" ">
<subfield code="c">2006</subfield>
</datafield>
<datafield tag="520" ind1=" " ind2=" ">
<subfield code="a">En el presente trabajo, que cronológicamente cubre el reinado de Felipe III (1598-1621), se ha tratado de analizar las circunstancias en las que se vio envuelta la defensa de la plaza de Ibiza, comentando en primer lugar las medidas adoptadas al respecto durante los reinados de Carlos I y Felipe II, así como la incidencia de los enemigos de la Monarquía Hispánica en dicho enclave: el corso norteafricano, rebeldes de los Países Bajos y franceses. Las conclusiones apuntan a que la gran dificultad para la Monarquía Hispánica de destacar en Ibiza tropas suficientes y bien abastecidas como la principal causa de peligro, además de las propias acciones del contrario.</subfield>
</datafield>
<datafield tag="520" ind1=" " ind2=" ">
<subfield code="a">In this work, we chronologically cover the reign of Philip III (1598-1621), we intend to analyse the circumstances in which the defence of Ibiza get involved. We explain the measures adopted during the reign of Charles I and Philip II and the insistance of the Spanish Monarchy's enemies in Ibiza. Those enemies were the north-african corsaries, the rebels from the Netherlands and the French. We conducted that the main difficulty of the Spanish Monarchy was to have enough troops to send to Ibiza and the have them well supplied, appart from the enemies attachs.</subfield>
</datafield>
<datafield tag="024" ind2=" " ind1="8">
<subfield code="a">Investigaciones históricas: Época moderna y contemporánea, 2006, N.26, pags.11-28</subfield>
</datafield>
<datafield tag="024" ind2=" " ind1="8">
<subfield code="a">0210-9425</subfield>
</datafield>
<datafield tag="024" ind2=" " ind1="8">
<subfield code="a">http://uvadoc.uva.es/handle/10324/17875</subfield>
</datafield>
<datafield tag="024" ind2=" " ind1="8">
<subfield code="a">11</subfield>
</datafield>
<datafield tag="024" ind2=" " ind1="8">
<subfield code="a">26</subfield>
</datafield>
<datafield tag="024" ind2=" " ind1="8">
<subfield code="a">28</subfield>
</datafield>
<datafield ind1=" " ind2=" " tag="653">
<subfield code="a">Historia moderna y contemporánea</subfield>
</datafield>
<datafield tag="245" ind1="0" ind2="0">
<subfield code="a">Los enemigos de la Monarquía en el Mediterráneo: el caso de la defensa de Ibiza en el siglo XVII, 1598-1621</subfield>
</datafield>
</record></metadata></record></GetRecord></OAI-PMH>